书目信息 |
| 题名: |
洗冤集录校译
|
|
| 作者: | 宋慈 | |
| 分册: | ||
| 出版信息: | 北京 群众出版社 29342 |
|
| 页数: | 182页 | |
| 开本: | 20cm | |
| 丛书名: | ||
| 单 册: | ||
| 中图分类: | DF082 | |
| 科图分类: | ||
| 主题词: | 政治 | |
| 电子资源: | ||
| ISBN: | ||
| 000 | 00460nam0 2200181 450 | |
| 001 | 0728815141 | |
| 005 | 20070819080015.14 | |
| 010 | @d¥0.70 | |
| 100 | @a20070819d km y0chiy0120 ea | |
| 101 | 0 | @achi |
| 200 | 1 | @a洗冤集录校译@Axi yuan ji lu xiao yi@f宋慈@Fsong ci |
| 210 | @a北京@c群众出版社@d29342 | |
| 215 | @a182页@d20cm | |
| 606 | 0 | @a政治 |
| 690 | @aDF082@v3 | |
| 701 | 0 | @a宋慈@Asong ci |
| 801 | 0 | @aCN@bPFT@c20070819 |
| 905 | @a213230@dDF082@eZW111@f1 | |
| 洗冤集录校译/宋慈.-北京:群众出版社,29342 |
| 182页;20cm |
| ISBN :¥0.70 |
| ● |
| 相关链接 |
|
|
|
|
正题名:洗冤集录校译
索取号:DF082/ZW111
 
预约/预借
| 序号 | 登录号 | 条形码 | 馆藏地/架位号 | 状态 | 备注 |
| 1 | 7601481 | 276014812 | 密集书库-文学院/ [索取号:DF082/ZW111] | 在馆 | |
| 2 | 7601482 | 276014821 | 密集书库-文学院/ [索取号:DF082/ZW111] | 在馆 |